[Event "WEM-KT 2018"]
[Site "Illertissen"]
[Date "2018.09.01"]
[Round "8"]
[White "Wolf, Rainer"]
[Black "Gustain, Marc"]
[Result "0-1"]
[WhiteElo "2044"]
[BlackElo "2102"]
[Annotator "NA"]
[PlyCount "52"]
[EventDate "2018.08.25"]
[EventType "tourn"]
[EventCountry "GER"]
[SourceTitle "playchess.com"]
[Source "ChessBase"]
[SourceQuality "1"]
[TimeControl "40/6000+30:3000+30"]

1. Nf3 {[%emt 0:09:39]} d5 {[%emt 0:09:39]} 2. e3 {[%emt 0:01:28]} Nf6 {[%emt 0:00:30]} 3. Be2 {[%emt 0:01:21]} Bg4 {[%emt 0:04:29]} 4. c4 {[%emt 0:05:32]} dxc4 {[%emt 0:03:04]} 5. Bxc4 {[%emt 0:02:33]} e6 {[%emt 0:02:09]} 6. Nc3 {[%emt 0:06:34]} Nbd7 {[%emt 0:01:31]} 7. d4 {[%emt 0:05:15]} Bd6 {[%emt 0:05:22]} 8. Be2 {[%emt 0:15:28]} O-O {[%emt 0:03:58]} 9. O-O {[%emt 0:04:04]} a6 {[%emt 0:04:08]} 10. Qd3 {[%emt 0:10:32]} Qe7 {[%emt 0:09:51]} 11. e4 {[%emt 0:09:23]} e5 {[%emt 0:02:29]} 12. Bg5 {[%emt 0:05:38]} exd4 {[%emt 0:07:41]} 13. Nd5 $17 {[%emt 0:02:40]} (13. Qxd4 $11 Bc5 14. Qd2) 13... Qxe4 {[%emt 0:03:39]} 14. Bxf6 {[%emt 0:14:32]} Qxd3 {[%emt 0:05:07]} 15. Bxd3 {[%emt 0:00:07]} Nxf6 {[%emt 0:03:38]} 16. Nxf6+ {[%emt 0:00:24]} gxf6 {[%emt 0:00:07]} 17. Nxd4 {[%emt 0:05:51]} Rad8 {[%emt 0:01:33]} 18. Bc2 {[%emt 0:01:07]} Bxh2+ {[%emt 0:01:26]} 19. Kxh2 {[%emt 0:00:28]} Rxd4 {[%emt 0:00:18]} 20. f3 {[%emt 0:00:37]} Be6 {[%emt 0:02:35]} 21. Kg3 {[%emt 0:00:49]} Kg7 {[%emt 0:04:27]} 22. a3 {[%emt 0:01:04]} Rd2 {[%emt 0:00:34]} 23. Rac1 {[%emt 0:00:38]} c6 {[%emt 0:00:31]} 24. Rh1 {[%emt 0:01:28]} h6 {[%emt 0:00:22]} 25. Rhd1 {[%emt 0:01:58]} Rfd8 {[%emt 0:00:21]} 26. Kf4 {[%emt 0:00:15]} Rxc2 {[%emt 0:00:47]} 0-1

[Event "WEM-KT 2018"]
[Site "Illertissen"]
[Date "2018.09.01"]
[Round "8"]
[White "Klaiss, Thomas"]
[Black "Hermann, Tobias"]
[Result "1/2-1/2"]
[WhiteElo "2021"]
[BlackElo "2002"]
[Annotator "NA RC"]
[PlyCount "149"]
[EventDate "2018.08.25"]
[EventType "tourn"]
[EventCountry "GER"]
[SourceTitle "playchess.com"]
[Source "ChessBase"]
[SourceQuality "1"]
[TimeControl "40/6000+30:3000+30"]

1. Nf3 {[%emt 0:09:47]} Nf6 {[%emt 0:09:42]} 2. b3 {[%emt 0:00:28]} b6 {[%emt 0:00:34]} 3. Bb2 {[%emt 0:00:08]} Bb7 {[%emt 0:00:01]} 4. e3 {[%emt 0:00:21]} e6 {[%emt 0:00:07]} 5. Be2 {[%emt 0:01:07]} Be7 {[%emt 0:00:05]} 6. O-O {[%emt 0:00:04]} O-O {[%emt 0:00:06]} 7. c4 {[%emt 0:00:10]} d5 {[%emt 0:02:53]} 8. d4 {[%emt 0:02:38]} c5 {[%emt 0:00:16]} 9. Nc3 {[%emt 0:06:10]} Nbd7 {[%emt 0:00:22]} 10. Rc1 {[%emt 0:02:11]} Rc8 {[%emt 0:06:01] E14: Damenindisch (Zentralsystem)} 11. Ne5 {[%emt 0:02:38]} (11. cxd5 Nxd5 12. Nxd5 Bxd5 13. Bb5 Rc7 14. Qe2 Nf6 15. Rfd1 Qa8 16. dxc5 Rxc5 17. Rxc5 Bxc5 18. Bxf6 gxf6 19. Bc4 Bxf3 20. Qxf3 Qxf3 21. gxf3 {½-½ (39) Liu,Y (2479)-Xu,Y (2539) Shenzhen 2017}) 11... Nxe5 {[%emt 0:12:53]} 12. dxe5 {[%emt 0:00:08]} Ne4 {[%emt 0:00:08]} 13. cxd5 $146 {[%emt 0:05:01]} ({Vorgänger:} 13. Bf3 Nxc3 14. Bxc3 Qc7 15. cxd5 exd5 16. Bxd5 Rcd8 17. e4 Kh8 18. Qf3 {1-0 (40) Turk,T (1772)-Lescan,M (1958) Hum na Sutli 2010}) 13... Nxc3 {[%emt 0:00:38]} 14. Rxc3 {[%emt 0:00:42]} Bxd5 {[%emt 0:01:33]} 15. Ba6 {[%emt 0:00:43]} Rc7 {[%emt 0:06:57]} 16. Rd3 {[%emt 0:09:18]} Qa8 {[%emt 0:02:05]} 17. Qg4 {[%emt 0:01:05]} Be4 {[%emt 0:09:13]} 18. Rd2 {[%emt 0:02:55]} Rd8 {[%emt 0:03:42]} 19. Rfd1 {[%emt 0:00:15]} Rxd2 {[%emt 0:01:05]} 20. Rxd2 {[%emt 0:00:08]} Bc6 {[%emt 0:00:14]} 21. Bf1 {[%emt 0:05:03]} Rd7 {[%emt 0:01:57]} 22. Rd6 {[%emt 0:04:11]} Bxd6 {[%emt 0:01:27]} 23. exd6 {[%emt 0:00:05]} Qf8 {[%emt 0:00:08]} 24. Be5 {[%emt 0:00:48]} Rxd6 {[%emt 0:00:31]} 25. Bxd6 {[%emt 0:00:43]} Qxd6 {[%emt 0:00:01]} 26. Qe2 {[%emt 0:00:40]} b5 {[%emt 0:12:37]} 27. Qc2 {[%emt 0:00:18]} a6 {[%emt 0:06:41]} 28. h3 {[%emt 0:00:38]} g6 {[%emt 0:05:00]} 29. Be2 {[%emt 0:00:29]} f5 {[%emt 0:00:47]} 30. Qb2 {[%emt 0:03:01]} e5 {[%emt 0:01:02]} 31. Qc3 {[%emt 0:04:29]} Kg7 {[%emt 0:09:40]} 32. Qb2 {[%emt 0:02:45]} Kf6 {[%emt 0:01:54]} 33. Qc3 {[%emt 0:00:10]} Be4 {[%emt 0:09:52]} 34. Qa5 {[%emt 0:02:23]} Bd5 {[%emt 0:01:16]} 35. Qc3 {[%emt 0:03:39]} Ke6 {[%emt 0:01:01]} 36. Qc2 {[%emt 0:02:28]} Kd7 {[%emt 0:02:02]} 37. Qc3 {[%emt 0:01:04]} Qc7 {[%emt 0:01:13]} 38. Qd3 {[%emt 0:08:01]} Ke6 {[%emt 0:00:10]} 39. Qc3 {[%emt 0:00:09]} Qc6 {[%emt 0:00:33]} 40. f3 {[%emt 0:04:46]} h5 {[%emt 0:00:18]} 41. h4 {[%emt 0:51:00]} c4 {[%emt 0:24:39]} 42. b4 {[%emt 0:00:00]} Qb6 {[%emt 0:00:27]} 43. Kf1 {[%emt 0:00:00]} Bb7 {[%emt 0:01:32]} 44. g3 {[%emt 0:00:00]} Qd8 {[%emt 0:06:29]} 45. Kf2 {[%emt 0:00:00]} g5 {[%emt 0:03:42]} 46. hxg5 {[%emt 0:00:00]} Qxg5 {[%emt 0:00:32]} 47. f4 {[%emt 0:00:00]} Qf6 {[%emt 0:02:27]} 48. Bxh5 {[%emt 0:00:00]} exf4 {[%emt 0:00:13]} 49. Qxf6+ {[%emt 0:00:00]} Kxf6 {[%emt 0:00:01]} 50. exf4 {[%emt 0:00:00]} Be4 {[%emt 0:02:07]} 51. Ke3 {[%emt 0:00:00]} Bb1 {[%emt 0:02:46]} 52. a3 {[%emt 0:00:00]} Be4 {[%emt 0:04:42]} 53. Kd4 {[%emt 0:00:00]} Bc6 {[%emt 0:01:03]} 54. Bd1 {[%emt 0:00:00]} Ke6 {[%emt 0:01:54]} 55. Bc2 {[%emt 0:00:00]} Bf3 {[%emt 0:00:47]} 56. a4 {[%emt 0:00:00]} Bc6 {[%emt 0:02:58]} 57. axb5 {[%emt 0:00:00]} axb5 {[%emt 0:00:03]} 58. Bd1 {[%emt 0:01:27]} Kd6 {[%emt 0:01:22]} 59. g4 {[%emt 0:03:19]} fxg4 {[%emt 0:00:10]} 60. Bxg4 {[%emt 0:00:04]} Ke7 {[%emt 0:01:02]} 61. Ke5 {[%emt 0:02:25]} Be8 {[%emt 0:00:53]} 62. Bf5 {[%emt 0:02:21]} Bd7 {[%emt 0:01:11]} 63. Be4 {[%emt 0:00:44]} Bg4 {[%emt 0:00:51]} 64. f5 {[%emt 0:02:58]} Be2 {[%emt 0:00:48]} 65. f6+ {[%emt 0:04:40]} Kf8 {[%emt 0:00:12]} 66. Kd4 {[%emt 0:05:47]} Kf7 {[%emt 0:01:28]} 67. Bc6 {[%emt 0:00:06]} c3 {[%emt 0:01:07]} 68. Kxc3 {[%emt 0:00:18]} Kxf6 {[%emt 0:00:05]} 69. Kd4 {[%emt 0:00:15]} Ke7 $11 {[%emt 0:00:12]} 70. Kc5 {[%emt 0:00:03]} Kd8 {[%emt 0:00:25]} 71. Bxb5 {[%emt 0:00:26]} Bf3 {[%emt 0:00:06]} 72. Kb6 {[%emt 0:00:36]} Kc8 {[%emt 0:00:20]} 73. Ka7 {[%emt 0:00:43]} Kc7 {[%emt 0:00:01]} 74. Bc4 {[%emt 0:00:28]} Bc6 $1 {[%emt 0:00:01]} 75. b5 {[%emt 0:00:29]} 1/2-1/2

[Event "WEM-KT 2018"]
[Site "Illertissen"]
[Date "2018.09.01"]
[Round "8"]
[White "Handel, Oliver"]
[Black "Seidler, Ottmar"]
[Result "1-0"]
[WhiteElo "1839"]
[BlackElo "1706"]
[Annotator "NA"]
[PlyCount "61"]
[EventDate "2018.08.25"]
[EventType "tourn"]
[EventCountry "GER"]
[SourceTitle "playchess.com"]
[Source "ChessBase"]
[SourceQuality "1"]
[TimeControl "40/6000+30:3000+30"]

1. e4 {[%emt 0:09:34]} e5 {[%emt 0:09:40]} 2. Nf3 {[%emt 0:00:09]} Nc6 {[%emt 0:00:06]} 3. Bb5 {[%emt 0:00:06]} Bc5 {[%emt 0:00:19]} 4. O-O {[%emt 0:00:09]} d6 {[%emt 0:00:09]} 5. c3 {[%emt 0:00:40]} Bd7 {[%emt 0:00:12]} 6. d4 {[%emt 0:00:53]} exd4 {[%emt 0:00:19]} 7. cxd4 {[%emt 0:00:45]} Bb6 {[%emt 0:00:02]} 8. Re1 {[%emt 0:02:25]} Nge7 {[%emt 0:02:11]} 9. Nc3 {[%emt 0:02:30]} O-O {[%emt 0:00:33]} 10. Bg5 {[%emt 0:02:19]} f6 {[%emt 0:06:30]} 11. Bf4 {[%emt 0:09:48]} Ng6 {[%emt 0:02:34]} 12. Be3 {[%emt 0:01:34]} Nce7 {[%emt 0:01:30]} 13. Bc4+ {[%emt 0:04:30]} Kh8 {[%emt 0:07:16]} 14. h3 $16 {[%emt 0:04:06]} a6 {[%emt 0:04:04]} 15. Nh2 {[%emt 0:00:30]} c6 {[%emt 0:06:35]} 16. f4 {[%emt 0:01:47]} f5 {[%emt 0:04:59]} 17. e5 {[%emt 0:04:37]} dxe5 {[%emt 0:01:42]} 18. fxe5 {[%emt 0:01:30]} f4 {[%emt 0:03:07]} 19. Bf2 {[%emt 0:01:12]} Nf5 {[%emt 0:06:15]} 20. Nf3 {[%emt 0:02:19]} Ba7 {[%emt 0:08:27]} 21. Ne4 {[%emt 0:01:40]} b5 {[%emt 0:08:09]} 22. Bb3 {[%emt 0:01:54]} Qe7 {[%emt 0:01:41]} 23. Nfg5 {[%emt 0:02:55]} Rad8 {[%emt 0:12:03]} 24. Qh5 {[%emt 0:06:28]} Nh6 {[%emt 0:01:49]} 25. Nd6 {[%emt 0:02:11]} Be8 {[%emt 0:07:31]} 26. Nxe8 {[%emt 0:04:29]} Rdxe8 {[%emt 0:03:51]} 27. Rad1 {[%emt 0:05:27]} Rf5 {[%emt 0:02:59]} 28. h4 {[%emt 0:01:18]} f3 {[%emt 0:01:34]} 29. g3 {[%emt 0:02:04]} c5 {[%emt 0:04:44]} 30. Bc2 {[%emt 0:01:24]} Rxg5 {[%emt 0:02:40]} 31. hxg5 {[%emt 0:00:22]} 1-0

[Event "WEM-KT 2018"]
[Site "Illertissen"]
[Date "2018.09.01"]
[Round "8"]
[White "Jooss, Achim"]
[Black "Gabriel, Josef"]
[Result "0-1"]
[WhiteElo "1749"]
[BlackElo "2124"]
[Annotator "NA"]
[PlyCount "90"]
[EventDate "2018.08.25"]
[EventType "tourn"]
[EventCountry "GER"]
[SourceTitle "playchess.com"]
[Source "ChessBase"]
[SourceQuality "1"]
[TimeControl "40/6000+30:3000+30"]

1. d4 {[%emt 0:09:33]} g6 {[%emt 0:13:09]} 2. Nf3 {[%emt 0:00:09]} Bg7 {[%emt 0:00:12]} 3. e3 {[%emt 0:00:11]} c5 {[%emt 0:01:22]} 4. Bd3 {[%emt 0:01:43]} Nf6 {[%emt 0:01:32]} 5. O-O {[%emt 0:00:26]} b6 {[%emt 0:00:08]} 6. c4 {[%emt 0:00:19]} O-O {[%emt 0:01:10]} 7. d5 {[%emt 0:00:32]} d6 {[%emt 0:02:21]} 8. Nc3 {[%emt 0:00:33]} e6 {[%emt 0:01:08] A31: Symmetrical English: 2 Nf3 Nf6 3 d4} (8... a6 9. h3 e6 10. e4 Ra7 11. Be3 Re7 12. Qd2 Nbd7 13. dxe6 fxe6 14. Rad1 Ne5 15. Be2 Rd7 16. Ng5 {1-0 (36) Golubov,S (2506)-Nagy,G (2448) Budapest 2017}) 9. e4 {[%emt 0:00:53]} e5 {[%emt 0:06:18]} 10. h3 {[%emt 0:01:19]} Nbd7 {[%emt 0:00:31]} 11. Nh2 $146 {[%emt 0:05:54]} ({Predecessor:} 11. Re1 Bb7 12. Bc2 a6 13. Be3 Rc8 14. Qd2 Nh5 15. Ba4 Qe7 16. Rab1 Ba8 17. Nh2 {1-0 (26) Teipel,T-Theeuf,J ICCF email 2009}) 11... a6 {[%emt 0:00:58]} 12. Bg5 {[%emt 0:04:58]} h6 {[%emt 0:00:53]} 13. Be3 {[%emt 0:00:18]} Kh7 {[%emt 0:01:09]} 14. Qd2 {[%emt 0:02:33]} Rg8 {[%emt 0:01:52]} 15. f4 {[%emt 0:02:27]} Nh5 {[%emt 0:02:27]} 16. f5 {[%emt 0:02:42]} g5 {[%emt 0:05:00]} 17. Ng4 {[%emt 0:07:04]} Nf4 {[%emt 0:04:23]} 18. Bc2 {[%emt 0:03:49]} h5 {[%emt 0:00:23]} 19. Nf2 {[%emt 0:02:05]} Bh6 {[%emt 0:02:41]} 20. g3 {[%emt 0:06:27]} h4 {[%emt 0:00:48]} 21. g4 {[%emt 0:02:55]} Nf6 {[%emt 0:00:29]} 22. Kh2 {[%emt 0:02:14]} Bd7 {[%emt 0:02:03]} 23. a4 {[%emt 0:00:39]} Rb8 {[%emt 0:00:12]} 24. b3 {[%emt 0:03:12]} Rb7 {[%emt 0:00:47]} 25. Ra3 {[%emt 0:03:26]} Qc7 {[%emt 0:00:20]} 26. Rfa1 {[%emt 0:00:33]} Rgb8 {[%emt 0:00:10]} 27. Nd3 {[%emt 0:04:54]} b5 {[%emt 0:01:39]} 28. axb5 {[%emt 0:00:31]} axb5 {[%emt 0:00:02]} 29. cxb5 {[%emt 0:06:26]} Bxb5 {[%emt 0:00:35]} 30. Nxb5 {[%emt 0:00:20]} Rxb5 {[%emt 0:00:02]} 31. Ra7 {[%emt 0:01:00]} R8b7 {[%emt 0:00:45]} 32. Rxb7 {[%emt 0:00:27]} Qxb7 {[%emt 0:00:10]} 33. Nb2 {[%emt 0:01:00]} Rxb3 $14 {[%emt 0:01:51]} 34. Nc4 {[%emt 0:03:52]} Rb4 {[%emt 0:06:56]} 35. Nxd6 {[%emt 0:02:01]} Qc7 {[%emt 0:00:20]} 36. Ra6 {[%emt 0:01:11]} Bf8 {[%emt 0:10:44]} 37. Rc6 {[%emt 0:00:19]} Qxd6 {[%emt 0:00:08]} 38. Rxd6 {[%emt 0:00:18]} Bxd6 {[%emt 0:00:06]} 39. Qc3 {[%emt 0:04:06]} Nxe4 {[%emt 0:02:03]} 40. Bxe4 {[%emt 0:01:32]} Rxe4 {[%emt 0:00:52]} 41. Bxc5 {[%emt 0:55:08]} Re2+ {[%emt 0:50:20]} 42. Kg1 {[%emt 0:01:26]} Nxd5 {[%emt 0:05:04]} 43. Qa3 {[%emt 0:03:06]} Bxc5+ {[%emt 0:01:45]} 44. Qxc5 {[%emt 0:00:06]} Nf4 {[%emt 0:00:24]} 45. Kf1 {[%emt 0:03:47]} Re1+ {[%emt 0:02:26]} 0-1

[Event "WEM-KT 2018"]
[Site "Illertissen"]
[Date "2018.09.01"]
[Round "8"]
[White "Schelberg, Martin, Dr."]
[Black "Bildt, Maximilian"]
[Result "0-1"]
[WhiteElo "1727"]
[BlackElo "2073"]
[Annotator "NA"]
[PlyCount "68"]
[EventDate "2018.08.25"]
[EventType "tourn"]
[EventCountry "GER"]
[SourceTitle "playchess.com"]
[Source "ChessBase"]
[SourceQuality "1"]
[TimeControl "40/6000+30:3000+30"]

1. e4 {[%emt 0:09:36]} c5 {[%emt 0:09:33]} 2. Nf3 {[%emt 0:00:14]} d6 {[%emt 0:00:03]} 3. Bb5+ {[%emt 0:00:36]} Bd7 {[%emt 0:00:31]} 4. Bxd7+ {[%emt 0:00:57]} Qxd7 {[%emt 0:01:56]} 5. O-O {[%emt 0:02:01]} Nc6 {[%emt 0:02:22]} 6. c3 {[%emt 0:01:12]} Nf6 {[%emt 0:01:12]} 7. Re1 {[%emt 0:04:25]} e6 {[%emt 0:07:41]} 8. d4 {[%emt 0:02:35]} d5 {[%emt 0:01:09]} 9. Nbd2 {[%emt 0:16:03]} cxd4 {[%emt 0:04:30]} 10. cxd4 {[%emt 0:03:15]} Bb4 {[%emt 0:14:08]} 11. exd5 {[%emt 0:15:29]} Qxd5 {[%emt 0:00:55]} 12. a3 {[%emt 0:15:50]} Bd6 {[%emt 0:02:13]} 13. Nf1 {[%emt 0:03:10]} O-O $11 {[%emt 0:02:50]} 14. b4 {[%emt 0:06:22]} Rfd8 {[%emt 0:03:27]} 15. Ne3 {[%emt 0:04:25]} Qh5 {[%emt 0:06:25]} 16. Nc4 {[%emt 0:01:26]} Bc7 {[%emt 0:20:06]} 17. Be3 {[%emt 0:12:26]} b5 {[%emt 0:03:44]} 18. Nce5 {[%emt 0:01:24]} Nxe5 {[%emt 0:02:30]} 19. Nxe5 {[%emt 0:00:29]} Qxd1 {[%emt 0:01:06]} 20. Raxd1 {[%emt 0:00:46]} Bb6 {[%emt 0:00:57]} 21. Nc6 {[%emt 0:02:49]} Rd7 {[%emt 0:04:44]} 22. Rc1 {[%emt 0:00:46]} Nd5 {[%emt 0:01:05]} 23. Bg5 {[%emt 0:00:56]} Rc7 {[%emt 0:01:47]} 24. Rc2 {[%emt 0:02:01]} Rac8 {[%emt 0:02:17]} 25. Rec1 {[%emt 0:00:22]} Kf8 {[%emt 0:03:37]} 26. Bh4 {[%emt 0:00:54]} f5 {[%emt 0:00:44]} 27. g4 {[%emt 0:02:13]} f4 {[%emt 0:00:56]} 28. g5 {[%emt 0:00:34]} Ne7 {[%emt 0:01:00]} 29. g6 {[%emt 0:00:39]} Nxg6 {[%emt 0:00:56]} 30. Bd8 {[%emt 0:00:29]} Rxc6 {[%emt 0:02:29]} 31. Rxc6 {[%emt 0:00:32]} Rxd8 {[%emt 0:00:04]} 32. Rxe6 {[%emt 0:00:24]} Rxd4 {[%emt 0:01:02]} 33. Rc8+ {[%emt 0:00:37]} Kf7 {[%emt 0:00:13]} 34. Ree8 {[%emt 0:00:31]} Rd2 {[%emt 0:00:44]} 0-1

[Event "WEM-KT 2018"]
[Site "Illertissen"]
[Date "2018.09.02"]
[Round "9"]
[White "Anistratov, Dmitriy"]
[Black "Klaiss, Thomas"]
[Result "1/2-1/2"]
[WhiteElo "2279"]
[BlackElo "2021"]
[Annotator "TA"]
[PlyCount "48"]
[EventDate "2018.08.25"]
[EventType "tourn"]
[EventCountry "GER"]
[SourceTitle "playchess.com"]
[Source "ChessBase"]
[SourceQuality "1"]

{[%evp 23,48,0,0,-47,-37,-49,-20,-24,-13,-31,0,0,13,7,7,0,0,-22,-22,-22,-22,-22,-22,-22,-14,-22,-7]} 1. Nf3 Nf6 2. c4 c5 3. Nc3 Nc6 4. g3 g6 5. Bg2 Bg7 6. O-O O-O 7. d4 cxd4 8. Nxd4 Qa5 9. Nb3 Qh5 10. Nd5 {[%cal Bc3d5,Bd5f4,Bf4d3][%mdl 32] A39: Englische Eröffnung (Symmetrische Variante)} d6 11. Nf4 Qe5 12. Nd3 Qh5 {LiveBook: 5 Partien} 13. e4 $146 {[%cal Be2e4,Be4e5][%mdl 32]} ({Vorgänger:} 13. Bd2 Bd7 14. Nf4 Qf5 15. Bc3 Rfd8 16. Nd5 Nxd5 17. Bxg7 Nf4 18. gxf4 Kxg7 {0-1 (72) Wang,Y (2723)-Le,Q (2703) Beijing 2013}) 13... Qxd1 14. Rxd1 Bg4 15. f3 Be6 16. c5 Bxb3 17. axb3 {Die Stellung ist ausgeglichen.} d5 18. e5 Nd7 19. f4 $36 {[%mdl 2048] Weiss hat gut koordiniertes Spiel.} e6 20. Be3 a5 21. Ra4 Rfc8 22. Rda1 {b4 ist eine echte Drohung.} Rab8 23. Rc1 Bf8 24. Bf1 Be7 {Precision: Weiß = 52%, Schwarz = 71%.} 1/2-1/2

[Event "WEM-KT 2018"]
[Site "Illertissen"]
[Date "2018.09.02"]
[Round "9"]
[White "Laengl, Juergen"]
[Black "Wolf, Rainer"]
[Result "0-1"]
[WhiteElo "2223"]
[BlackElo "2044"]
[Annotator "ChessBase"]
[PlyCount "138"]
[EventDate "2018.08.25"]
[EventType "tourn"]
[EventCountry "GER"]
[SourceTitle "playchess.com"]
[Source "ChessBase"]
[SourceQuality "1"]
[TimeControl "40/6000+30:3000+30"]

1. d4 {[%emt 0:11:24]} Nf6 {[%emt 0:10:00]} 2. Nc3 {[%emt 0:00:15]} d5 {[%emt 0:00:12]} 3. Bg5 {[%emt 0:00:18]} e6 {[%emt 0:00:43]} 4. e4 {[%emt 0:00:19]} Bb4 {[%emt 0:01:07]} 5. e5 {[%emt 0:00:28]} h6 {[%emt 0:00:24]} 6. Be3 {[%emt 0:00:38]} Ne4 {[%emt 0:00:57]} 7. Qg4 {[%emt 0:00:59]} g6 {[%emt 0:01:47]} 8. a3 {[%emt 0:02:06]} Bxc3+ {[%emt 0:04:06]} 9. bxc3 {[%emt 0:06:16]} c5 {[%emt 0:01:03]} 10. Bd3 {[%emt 0:05:32]} h5 {[%emt 0:00:59]} 11. Qh3 {[%emt 0:07:57]} Nxc3 {[%emt 0:04:23]} 12. dxc5 {[%emt 0:06:01]} Nc6 {[%emt 0:21:29]} 13. Nf3 {[%emt 0:00:31]} d4 {[%emt 0:01:46]} 14. Bg5 {[%emt 0:02:52]} Qa5 {[%emt 0:10:25]} 15. O-O {[%emt 0:00:25]} Qxc5 {[%emt 0:00:14]} 16. Bf6 {[%emt 0:05:58]} Rg8 {[%emt 0:00:24]} 17. Rfe1 {[%emt 0:05:44]} b6 {[%emt 0:09:21]} 18. Ng5 {[%emt 0:10:20]} a6 {[%emt 0:05:13]} 19. Re4 {[%emt 0:29:55]} Ra7 {[%emt 0:06:31]} 20. Rf4 {[%emt 0:00:08]} Nxe5 {[%emt 0:07:35]} 21. Re1 {[%emt 0:01:17]} Ng4 {[%emt 0:07:00]} 22. Rxg4 {[%emt 0:01:14]} Nd5 {[%emt 0:07:58]} 23. Rxd4 {[%emt 0:04:17]} Nxf6 {[%emt 0:00:33]} 24. Rc4 {[%emt 0:01:17]} Qxg5 {[%emt 0:04:01]} 25. Rxc8+ {[%emt 0:00:39]} Ke7 {[%emt 0:00:13]} 26. Rxg8 {[%emt 0:01:27]} Nxg8 {[%emt 0:00:05]} 27. Qf3 {[%emt 0:01:18]} Nf6 {[%emt 0:02:09]} 28. a4 {[%emt 0:00:24]} Qa5 {[%emt 0:00:35]} 29. Qe2 {[%emt 0:00:10]} Kf8 {[%emt 0:00:22]} 30. h3 {[%emt 0:00:25]} Kg7 {[%emt 0:00:27]} 31. Rb1 {[%emt 0:00:07]} Qc5 {[%emt 0:00:39]} 32. Bxa6 {[%emt 0:00:16]} Nd5 {[%emt 0:01:00]} 33. Qe5+ {[%emt 0:00:39]} f6 {[%emt 0:00:19]} 34. Qxe6 {[%emt 0:01:42]} Rxa6 {[%emt 0:00:18]} 35. Rd1 {[%emt 0:00:02]} Ra5 {[%emt 0:00:19]} 36. h4 {[%emt 0:00:23]} Qe7 {[%emt 0:00:31]} 37. Qc6 {[%emt 0:00:31]} Rc5 {[%emt 0:00:19]} 38. Qa8 {[%emt 0:00:14]} Nc3 {[%emt 0:00:51]} 39. Rd8 {[%emt 0:00:36]} Ne2+ {[%emt 0:01:05]} 40. Kh1 {[%emt 0:01:26]} Rc4 {[%emt 0:01:23]} 41. Rg8+ {[%emt 0:26:29]} Kf7 {[%emt 0:22:14]} 42. Qd5+ {[%emt 0:04:21]} Qe6 {[%emt 0:00:27]} 43. Qxe6+ {[%emt 0:00:05]} Kxe6 {[%emt 0:00:13]} 44. Re8+ {[%emt 0:00:02]} Kd5 {[%emt 0:01:07]} 45. Rxe2 {[%emt 0:00:07]} Rxh4+ {[%emt 0:00:04]} 46. Kg1 {[%emt 0:00:06]} Rxa4 {[%emt 0:00:03]} 47. f3 {[%emt 0:00:15]} Ra1+ {[%emt 0:00:44]} 48. Kf2 {[%emt 0:00:13]} h4 {[%emt 0:01:09]} 49. Rd2+ {[%emt 0:04:16]} Kc5 {[%emt 0:01:28]} 50. Ke3 {[%emt 0:02:09]} Ra3+ {[%emt 0:00:55]} 51. Ke2 {[%emt 0:01:23]} b5 {[%emt 0:01:48]} 52. Rd8 {[%emt 0:00:16]} Ra6 {[%emt 0:01:01]} 53. Rh8 {[%emt 0:01:52]} g5 {[%emt 0:02:59]} 54. Kd2 {[%emt 0:00:14]} Rd6+ {[%emt 0:01:06]} 55. Kc1 {[%emt 0:03:40]} Kd4 {[%emt 0:01:29]} 56. Re8 {[%emt 0:00:14]} Kd5 {[%emt 0:04:23]} 57. Kb2 {[%emt 0:01:44]} Re6 {[%emt 0:01:13]} 58. Rd8+ {[%emt 0:00:18]} Ke5 {[%emt 0:00:49]} 59. Kb3 {[%emt 0:05:50]} Kf4 {[%emt 0:01:49]} 60. Rd4+ {[%emt 0:00:07]} Ke3 {[%emt 0:02:16]} 61. Rg4 {[%emt 0:00:59]} Rc6 {[%emt 0:03:10]} 62. c3 {[%emt 0:00:15]} Kf2 {[%emt 0:02:01]} 63. Kb4 {[%emt 0:01:56]} Rc4+ {[%emt 0:00:34]} 64. Kxb5 {[%emt 0:00:24]} Rxg4 {[%emt 0:01:27]} 65. fxg4 {[%emt 0:00:07]} Kxg2 {[%emt 0:00:07]} 66. c4 {[%emt 0:00:02]} h3 {[%emt 0:00:08]} 67. c5 {[%emt 0:00:06]} h2 {[%emt 0:00:06]} 68. c6 {[%emt 0:00:04]} h1=Q {[%emt 0:00:08]} 69. Kb6 {[%emt 0:02:14]} Kg3 {[%emt 0:00:37]} 0-1

[Event "WEM-KT 2018"]
[Site "Illertissen"]
[Date "2018.09.02"]
[Round "9"]
[White "Maisch, Julian"]
[Black "Jooss, Achim"]
[Result "1-0"]
[WhiteElo "2216"]
[BlackElo "1749"]
[Annotator "TA"]
[PlyCount "61"]
[EventDate "2018.08.25"]
[EventType "tourn"]
[EventCountry "GER"]
[SourceTitle "playchess.com"]
[Source "ChessBase"]
[SourceQuality "1"]

{[%evp 9,61,26,29,25,26,15,32,27,32,35,89,46,49,-32,-26,-16,-15,-3,20,0,216,148,140,141,165,64,73,61,55,2,60,39,34,-100,-38,-93,0,-75,-25,-112,0,0,85,83,114,81,390,388,373,360,822,810,29991,29992]} 1. e4 e6 2. d3 d5 3. Qe2 d4 (3... Nf6 4. Nf3 Be7 5. g3 b6 6. Bg2 Bb7 7. e5 Nfd7 8. O-O b5 9. c4 bxc4 10. dxc4 Nb6 11. b3 O-O 12. Rd1 a5 13. Be3 N8d7 {1-0 (83) Bologan,V (2654)-Kovalenko,I (2667) Poikovsky 2016}) 4. f4 Bb4+ 5. c3 $146 ({Predecessor:} 5. Bd2 Bxd2+ 6. Nxd2 Nh6 7. O-O-O O-O 8. g4 f5 9. g5 Nf7 10. Ngf3 a5 11. Rg1 {½-½ (28) Bennett,H (2022)-Chao,Q (2029) Kaikoura 2008}) 5... Ba5 6. Nf3 {C00: French: Unusual White 2nd moves} c5 7. g3 Nc6 8. Bg2 {White is slightly better.} Nge7 9. O-O f6 (9... O-O $14) 10. Kh1 O-O 11. c4 ({White should try} 11. cxd4 $14 cxd4 12. Bd2) 11... e5 12. f5 Bd7 13. g4 {[%cal Bg3g4,Bg4f5][%mdl 32]} g5 14. Nxg5 Nxf5 $2 (14... fxg5 $11 {and Black has nothing to worry.} 15. Bxg5 Qc7) 15. gxf5 fxg5 16. Qh5 Be8 17. Qh3 ({But not} 17. Qxg5+ $6 Qxg5 18. Bxg5 Nb4 $16) (17. Qh6 $18) 17... Qf6 18. Nd2 h6 19. Qg3 (19. Bf3 $14) 19... Kh7 (19... Rf7 $11) 20. Nf3 {[%cal Rf3g5] [#] And now Nxg5+! would win.} Rg8 21. Kg1 (21. h3 $14 {keeps the upper hand.}) 21... a6 (21... g4 $17 22. Nd2 h5) 22. a4 ({Better is} 22. h3 $15) 22... Bc7 (22... g4 $17 23. Qh4 Bd8 24. Qxf6 Bxf6) 23. Kf2 (23. h3 $1 $11) 23... Nb4 24. Ke2 {[#]} (24. Ne1 $11) 24... Bd7 ({Black should play} 24... Nc2 $1 $17 {[%cal Rc2a1]} 25. Rb1 Bxa4) 25. Bd2 $11 a5 (25... Nc2 $11 {remains equal.}) 26. Rh1 $16 g4 27. Ne1 h5 $2 {[%mdl 8192]} (27... Be8 $16) 28. h3 $18 gxh3 29. Qxh3 h4 $2 (29... Kg7 30. Qxh5 Kf8) 30. Nf3 Rg3 31. Qxg3 {Precision: White = 34%, Black = 16%.} 1-0